Catálogo público

Practical bee keeping and honey production / (Record no. 177020)

MARC details
000 -CABECERA
campo de control de longitud fija 00817nam a2200289Ia 4500
001 - NÚMERO DE CONTROL
campo de control dia_5895
003 - IDENTIFICADOR DEL NÚMERO DE CONTROL
campo de control CHAP
005 - FECHA Y HORA DE LA ÚLTIMA TRANSACCIÓN
campo de control 20251023151445.0
008 - DATOS DE LONGITUD FIJA--INFORMACIÓN GENERAL
campo de control de longitud fija 220117s[193 xx 000 0 und d
010 ## - NÚMERO DE CONTROL DE LA BIBLIOTECA DEL CONGRESO
Número de control de LC 177020
020 ## - NÚMERO INTERNACIONAL ESTÁNDAR DEL LIBRO
Número Internacional Estándar del Libro 978-1-40679-803-6
040 ## - FUENTE DE LA CATALOGACIÓN
Centro/agencia transcriptor CHAP
082 ## - NÚMERO DE LA CLASIFICACIÓN DECIMAL DEWEY
Número de clasificación 638.1 M33 [1936?]
100 ## - ENTRADA PRINCIPAL--NOMBRE DE PERSONA
Nombre de persona Macfie, D. T.
9 (RLIN) 159958
245 ## - MENCIÓN DE TÍTULO
Título Practical bee keeping and honey production /
Mención de responsabilidad, etc. D. T. Macfie
260 ## - PUBLICACIÓN, DISTRIBUCIÓN, ETC.
Lugar de publicación, distribución, etc. Reino Unido :
Nombre del editor, distribuidor, etc. W. H. y L. Collingridge LTD.,
Fecha de publicación, distribución, etc. [193
300 ## - DESCRIPCIÓN FÍSICA
Extensión 124 p.
590 ## - NOTA LOCAL (RLIN)
Nota local SF523 M33 [1936?]
650 ## - PUNTO DE ACCESO ADICIONAL DE MATERIA--TÉRMINO DE MATERIA
Término de materia o nombre geográfico como elemento de entrada Apicultura
9 (RLIN) 6241
650 ## - PUNTO DE ACCESO ADICIONAL DE MATERIA--TÉRMINO DE MATERIA
Término de materia o nombre geográfico como elemento de entrada Apiculture
9 (RLIN) 147737
650 ## - PUNTO DE ACCESO ADICIONAL DE MATERIA--TÉRMINO DE MATERIA
Término de materia o nombre geográfico como elemento de entrada Honey
9 (RLIN) 158819
650 ## - PUNTO DE ACCESO ADICIONAL DE MATERIA--TÉRMINO DE MATERIA
Término de materia o nombre geográfico como elemento de entrada Miel
9 (RLIN) 140677
901 ## - ELEMENTOS DE DATOS A LOCAL LDA (RLIN)
a 638.1 M33 [1936?]
902 ## - ELEMENTOS DE DATOS B LOCAL, LDB (RLIN)
a M
905 ## - ELEMENTOS DE DATOS E LOCAL, LDE (RLIN)
a 523227[1936?] -ukda 8222123322eng16
942 ## - ELEMENTOS DE PUNTO DE ACCESO ADICIONAL (KOHA)
Tipo de ítem Koha Libro
Fuente del sistema de clasificación o colocación Dewey Decimal Classification
Holdings
Estado de retiro Estado de pérdida Fuente del sistema de clasificación o colocación Estado dañado No para préstamo Código de colección Localización permanente Ubicación/localización actual Ubicación en estantería Fecha de adquisición Información codificada de la localización en otra ubicación Total de préstamos Código de barras Fecha visto por última vez Fecha del último préstamo Número de copia Precio válido a partir de Tipo de ítem Koha
    Dewey Decimal Classification     General Ingenieria Agroindustrial Ingenieria Agroindustrial   18/01/2022 1 1 dia_009277 04/02/2026 04/02/2026 1 18/01/2022 Libro